000 00727cam a22002533a 4500
001 30855
003 PGUSA
005 20140828083652.0
008 100104s2010||||xxu|||||s|||||000 1 eng d
040 _aPGUSA
_beng
042 _adc
050 4 _aPR
100 1 _aWells, H. G.
_q(Herbert George),
_d1866-1946
245 1 4 _aThe Wife of Sir Isaac Harman
_h[electronic resource] /
_cH. G. Wells
260 _bProject Gutenberg,
_c2010
506 _aPublic domain in the USA.
516 _aElectronic text
653 _aWomen's rights -- Fiction
653 _aUpper class -- Fiction
653 _aEngland -- Fiction
830 0 _aProject Gutenberg
_v30855
856 4 0 _uhttp://www.gutenberg.org/ebooks/30855
942 _cEB
999 _c260110
_d260110